| 000 | 00622 a2200181 4500 | ||
|---|---|---|---|
| 003 | Nust | ||
| 005 | 20170207153219.0 | ||
| 040 | _cNust | ||
| 082 | _a621.382. | ||
| 100 | _aMoin, Shahzad (MSEE-11) | ||
| 245 |
_aCooperative diversity in wireless sensor networks _cShahzad Moin |
||
| 260 |
_bMCS, NUST _c2008 _aRawalpindi |
||
| 300 | _axii, 63, p.; | ||
| 505 | _aIntroduction (page-1) Literature review (page-5) Cooperative system architecture (page-19) Implementation and approach (page-30) Results and analysis (page-40) Conclusion (page-49). | ||
| 538 | _aAlmirah No 69 Shelf No 2 | ||
| 650 | _aMS Thesis | ||
| 651 | _aMSEE-11 | ||
| 942 | _cTHS | ||
| 999 |
_c181730 _d181730 |
||